000 00688nam a2200241Ia 4500
003 GCL
008 140319s9999 xx 000 0 ara d
040 _aGCL /
_cGCL
082 0 4 _a956.609
_bب ب
100 1 _aبشارة منسى
245 1 0 _aبين الطائف والطوائف /
_cبشارة منسى
260 _a[S.N] :
_bشركة المشرق للنشر
300 _a221 ص
490 _a
650 0 4 _aالعصر الحديث
650 0 4 _aتاريخ
650 0 4 _aالاحوال السياسية
650 0 4 _aلبنان
650 0 4 _aالدبلوماسية
650 0 4 _aالوساطة الدولية
650 0 4 _aالحرب الاهلية
942 _2ddc
_cBK
999 _c29961
_d29961